75 najzimniejszych państw świata - Statystyki

Ogólne statystyki
  • Ten quiz został rozwiązany 166 razy
    120 od ostatniego zresetowania
  • Średni wynik to 54 z 75
Statystyki odpowiedzi
Hint Odpowiedź % Poprawnych
23. Polska
99%
2. Rosja
97%
1. Kanada
95%
8. Szwecja
93%
6. Finlandia
91%
5. Norwegia
91%
29. USA
91%
15. Litwa
89%
19. Chiny
88%
28. Ukraina
88%
25. Dania
87%
4. Islandia
87%
10. Estonia
86%
12. Łotwa
86%
31. Niemcy
85%
24. Słowacja
85%
22. Czechy
84%
49. Japonia
84%
27. Wielka Brytania
84%
47. Francja
82%
3. Mongolia
82%
41. Belgia
81%
60. Hiszpania
81%
39. Holandia
81%
32. Irlandia
81%
13. Korea Północna
81%
16. Austria
80%
17. Białoruś
80%
51. Korea południowa
80%
11. Szwajcaria
80%
55. Włochy
78%
14. Kazachstan
77%
7. Kirgistan
75%
35. Luksemburg
75%
65. Portugalia
75%
48. Turcja
75%
36. Rumunia
74%
45. Serbia
74%
9. Tadżykistan
74%
26. Gruzja
73%
33. Słowenia
73%
61. Grecja
72%
46. Węgry
72%
20. Armenia
71%
37. Bośnia
71%
44. Bułgaria
71%
43. Mołdawia
71%
66. Turkmenistan
69%
57. Azerbejdżan
68%
18. Liechtenstein
68%
53. Albania
67%
50. Chorwacja
67%
63. Argentyna
66%
34. Czarnogóra
65%
69. RPA
65%
56. Afganistan
64%
21. Andora
64%
42. Macedonia
64%
59. Uzbekistan
64%
30. Chile
63%
70. Iran
63%
62. Nepal
63%
54. San Marino
62%
40. Australia
60%
75. Izrael
55%
71. Syria
55%
38. Bhutan
54%
72. Cypr
49%
67. Urugwaj
48%
64. Liban
46%
74. Jordania
43%
52. Lesotho
40%
68. Maroko
40%
58. Indonezja
32%
73. Rwanda
8%
Nie znaleziono quizów pasujących do podanych kryteriów
Rozkład punktacji
Procent ludzi z każdym wynikiem
Percentyl według liczby udzielonych odpowiedzi
Twoja historia wyników
Nie rozwiązałeś tego quizu od ostatniego zresetowania